000
00275nam a22001217a 4500
008
170502b xxu||||| |||| 00| 0 eng d
041
_a
eng
080
_2
21 ED
_a
341
100
_a
13
101
_a
SHJ
245
_a
THE UN SECURITY COUNNCIL
_c
MALONE.D.M
942
_2
udc
_c
BK
999
_c
12354
_d
12354